Normal view
MARC view
Entry Personal Name
001 - CONTROL NUMBER
- control field: 1116141
003 - CONTROL NUMBER IDENTIFIER
- control field: OSt
005 - DATE AND TIME OF LATEST TRANSACTION
- control field: 20260218093733.0
008 - FIXED-LENGTH DATA ELEMENTS
- fixed length control field: 260218|| aca||aabn | a|a d
040 ## - CATALOGING SOURCE
- Original cataloging agency: OSt
- Transcribing agency: OSt
100 ## - HEADING--PERSONAL NAME
- Personal name: Paul, T.V
670 ## - SOURCE DATA FOUND
- Source citation: Work cat.: (OSt)1679924: Paul, T.V., New cold war and the remarking of regions, 2025
